Wiedza Ogólna - 20 Pytań - Statystyki

Ogólne statystyki
  • Ten quiz został rozwiązany 42 razy
  • Średni wynik to 12 z 20
Statystyki odpowiedzi
Hint Odpowiedź % Poprawnych
Rdzenni mieszkańcy Ameryki to inaczej Indianie
97%
Najwyższa góra świata, 8848 m. npm. Mount Everest
94%
Statek pasażerski, który zatonął w 1912 roku przez zderzenie z górą lodową Titanic
94%
Urodzony w Polsce, 264 papież i 6 Suweren Państwa Watykańskiego w latach 1978-2005 Jan Paweł II
91%
W mitologii Greckiej, władca świata zmarłych o tej samej nazwie, brat Zeusa i Posejdona Hades
88%
Wybitny Polski kompozytor, większość życia spędził we Francji Fryderyk Chopin
84%
Wydana w 2005 roku platforma społecznościowa, która zrewolucjonizowała rynek filmów krótkometrażowych YouTube
84%
Pierwszy król Polski, zmarł w tym samym roku w którym został ukoronowany Bolesław Chrobry
81%
Postać biblijna, syn Amrama i Jokebed, pomagał ludowi Izraela opuścić Egipt Mojżesz
78%
Ponad 80% powierzchni tego kraju pokrywają góry o średniej wysokości ok. 6000 m n.p.m Nepal
75%
Wynalazca dynamitu, fundator najbardziej prestiżowej nagrody w dziedzinie Nauki i Literatury Alfred Nobel
63%
Stolica Polski w latach 1079-1138 Płock
56%
Popularny napój, który w 1940 roku został opracowany przez chemika Coca-Coli z III Rzeszy, Wolfganga Scheteliga Fanta
53%
Autor znanej lektury szkolnej, Kamienie na Szaniec Aleksander Kamiński
47%
Półwysep w Europie, na którym leżą m.in. Włochy Półwysep Apeniński
47%
Jedna z dziedzin sztuk pięknych, w której dźwięki odbierane są przez człowieka i wpływają na jego psychikę Muzyka
38%
W 2006 roku zaprezentowany jako rewolucja technologiczna, przez ówczesnego szefa firmy Apple - Steve'a Jobs'a Smartfon
22%
Franczyza filmowa, która wygrała najwięcej Oscarów - aż 11 Władca Pierścieni
16%
W 1878 roku wynalazł silnik dwusuwowy Dugald Clerk
0%
Dzieli naukę historyczną na różne epoki Periodyzacja
0%
Nie znaleziono quizów pasujących do podanych kryteriów
Rozkład punktacji
Procent ludzi z każdym wynikiem
Percentyl według liczby udzielonych odpowiedzi
Twoja historia wyników
Nie rozwiązałeś tego quizu